000 00714nam a2200193 i 4500
001 91143
003 ES-MaACL
005 20230906180643.0
007 t|
008 050127s1970 sp ||||1| spa d
100 1 _aLeontief, Wassily W.
_971698
245 1 0 _aAnálisis económico input-output /
_cpor Wassily Leontief ; con un estudio introductorio por Angel Alcaide Inchausti ; [traducción de Valentín Fábrega Forradellas].
260 _aBarcelona :
_bGustavo Gili,
_c[1970]
300 _a359 p. :
_bgraf. ;
_c22 cm.
650 4 _aAnálisis input-output.
_9169677
700 1 _aAlcaide Inchausti, Angel.
_919443
700 1 _aFábrega Forradellas, Valentín.
_948549
852 _aES-MaACL
_jC-38363
_bR.75532
999 _c91143
_d91143